[Event "FRA-chT 9900"]
[Site "France"]
[Date "2000.04.29"]
[Round "8.2"]
[White "Boyd, Stephen"]
[Black "Maier, Christian"]
[Result "1/2-1/2"]
[WhiteElo "2384"]
[BlackElo "2363"]
[PlyCount "84"]
[EventDate "1999.02.04"]
[EventType "team"]
[EventRounds "11"]
[EventCountry "FRA"]
[SourceTitle "EXT 2001"]
[Source "ChessBase"]
[SourceDate "2000.11.22"]
[SourceVersion "1"]
[SourceVersionDate "2000.11.22"]
[SourceQuality "1"]

1. d4 Nf6 2. Bg5 e6 3. e4 d5 4. e5 h6 5. Bh4 g5 6. Bg3 Ne4 7. Nd2 Nxg3 8. hxg3 c5 9. f4 Nc6 10. Ngf3 gxf4 11. gxf4 cxd4 12. a3 d3 13. Bxd3 Qb6 14. Qe2 Qxb2 15. 0-0 Qc3 16. Rab1 Bc5+ 17. Kh2 Bb6 18. Rb3 Qc5 19. c4 Qe3 20. Qxe3 Bxe3 21. cxd5 exd5 22. g3 Bb6 23. f5 Rg8 24. Rbb1 Bd7 25. Rbe1 0-0-0 26. e6 Be8 27. Kh3 Bc7 28. g4 fxe6 29. Rxe6 Bf4 30. Rg1 Bd7 31. Re2 Rde8 32. Rge1 Rxe2 33. Rxe2 Bd6 34. a4 Ne7 35. Kh4 h5 36. Kxh5 Be8+ 37. Kh4 Rh8+ 38. Kg5 Rg8+ 39. Kh4 Rh8+ 40. Kg5 Rg8+ 41. Kf6 Rf8+ 42. Kg5 Rg8+ 1/2-1/2

[Event "FRA-chT 9900"]
[Site "France"]
[Date "2000.04.01"]
[Round "6.4"]
[White "Boyd, Stephen"]
[Black "Giffard, Nicolas"]
[Result "1/2-1/2"]
[WhiteElo "2384"]
[BlackElo "2364"]
[PlyCount "61"]
[EventDate "1999.02.04"]
[EventType "team"]
[EventRounds "11"]
[EventCountry "FRA"]
[SourceTitle "EXT 2001"]
[Source "ChessBase"]
[SourceDate "2000.11.22"]
[SourceVersion "1"]
[SourceVersionDate "2000.11.22"]
[SourceQuality "1"]

1. e4 c6 2. d4 d5 3. e5 Bf5 4. Nf3 e6 5. Be3 h6 6. Be2 Ne7 7. 0-0 Nd7 8. Nbd2 Bh7 9. Re1 Nf5 10. Nf1 Be7 11. c3 0-0 12. Bd3 c5 13. Qb1 Bg6 14. Ng3 Nh4 15. Nxh4 Bxd3 16. Qxd3 Bxh4 17. f4 c4 18. Qc2 Bxg3 19. hxg3 f5 20. g4 fxg4 21. Qg6 Qe8 22. Qxg4 h5 23. Qh3 Qg6 24. Rf1 Qf5 25. Rf3 Qxh3 26. Rxh3 Rf5 27. Kf2 Kf7 28. Rah1 Kg6 29. Rg3+ Kf7 30. Rgh3 Kg6 31. Rf3 1/2-1/2

[Event "FRA-chT 9900"]
[Site "France"]
[Date "2000.03.31"]
[Round "5.4"]
[White "Sebag, Marie"]
[Black "Boyd, Stephen"]
[Result "1/2-1/2"]
[WhiteElo "2193"]
[BlackElo "2384"]
[PlyCount "52"]
[EventDate "1999.02.04"]
[EventType "team"]
[EventRounds "11"]
[EventCountry "FRA"]
[SourceTitle "EXT 2001"]
[Source "ChessBase"]
[SourceDate "2000.11.22"]
[SourceVersion "1"]
[SourceVersionDate "2000.11.22"]
[SourceQuality "1"]

1. e4 c5 2. Nf3 e6 3. d4 cxd4 4. Nxd4 Nf6 5. Nc3 Nc6 6. Ndb5 d6 7. Bf4 e5 8. Bg5 a6 9. Bxf6 gxf6 10. Na3 b5 11. Nd5 Bg7 12. g3 0-0 13. Bg2 f5 14. exf5 e4 15. c3 b4 16. Nc4 bxc3 17. bxc3 Bxf5 18. 0-0 Bg6 19. h4 Ne5 20. Nxe5 Bxe5 21. h5 Bf5 22. Ne3 Qg5 23. Nxf5 Qxf5 24. Qd5 Rac8 25. Bxe4 Qe6 26. Rac1 Qxd5 1/2-1/2

[Event "FRA-chT 9900"]
[Site "France"]
[Date "2000.02.06"]
[Round "3.4"]
[White "Boyd, Stephen"]
[Black "Guidarelli, Laurent"]
[Result "1/2-1/2"]
[WhiteElo "2384"]
[BlackElo "2359"]
[PlyCount "60"]
[EventDate "1999.02.04"]
[EventType "team"]
[EventRounds "11"]
[EventCountry "FRA"]
[SourceTitle "EXT 2001"]
[Source "ChessBase"]
[SourceDate "2000.11.22"]
[SourceVersion "1"]
[SourceVersionDate "2000.11.22"]
[SourceQuality "1"]

1. g3 e5 2. Bg2 Nc6 3. d3 g6 4. c4 Bg7 5. Nc3 d6 6. e3 Be6 7. Nge2 Qd7 8. h3 h5 9. b3 Nge7 10. Nd5 Bxd5 11. cxd5 Nb4 12. Nc3 e4 13. d4 f5 14. f3 Nd3+ 15. Ke2 exf3+ 16. Bxf3 Nxc1+ 17. Rxc1 0-0-0 18. Qd3 Kb8 19. Qb5 Qxb5+ 20. Nxb5 Rd7 21. Kd3 Re8 22. Rce1 Ng8 23. g4 Rde7 24. gxf5 Bh6 25. e4 gxf5 26. Rhg1 Nf6 27. Nc3 fxe4+ 28. Bxe4 c6 29. Rg6 Bg7 30. Re2 cxd5 1/2-1/2

[Event "Mitropa Cup 19th"]
[Site "Baden"]
[Date "1999.04.02"]
[Round "2"]
[White "Boyd, Stephen"]
[Black "Bellini, Fabio"]
[Result "0-1"]
[WhiteElo "2370"]
[BlackElo "2418"]
[PlyCount "60"]
[EventDate "1999.04.01"]
[EventType "team-tourn"]
[EventRounds "9"]
[EventCountry "SUI"]
[SourceTitle "CBM 071"]
[Source "ChessBase"]
[SourceDate "1999.08.01"]
[SourceVersion "1"]
[SourceVersionDate "1999.08.01"]
[SourceQuality "1"]

1. g3 d5 2. Bg2 Nf6 3. d3 g6 4. Nf3 Bg7 5. 0-0 0-0 6. Nbd2 Nc6 7. e4 e5 8. c3 a5 9. a4 Re8 10. Re1 h6 11. exd5 Nxd5 12. Nc4 Bf5 13. Ra3 Qd7 14. Rb3 b6 15. Rb5 Be6 16. Nfxe5 Nxe5 17. Nxe5 Bxe5 18. Rxe5 c6 19. Rbxd5 Bxd5 20. Rxd5 cxd5 21. Bxh6 b5 22. h4 bxa4 23. h5 Rab8 24. Qd2 Qe6 25. Qg5 Rxb2 26. hxg6 Qxg6 27. Qxg6+ fxg6 28. Bxd5+ Kh7 29. Be3 a3 30. Bc5 a2 0-1